Špecifiká existencie „gaziel“ v službách diplomová práca

Na minha lista:
Detalhes bibliográficos
Autor principal: Vargaová, Mária
Autor Corporativo: Obchodná fakulta EU. Katedra služieb a cestovného ruchu - zrušené
Outros Autores: Kubičková, Viera, 1970-
Formato: Livro
Idioma:eslovaco
Publicado em: Bratislava 2012
Tags: Adicionar Tag
Sem tags, seja o primeiro a adicionar uma tag!

MARC

LEADER 00000nbm a2200000 4500
001 0159091
005 20161109102228.2
041 0 |a slo 
044 |a SK 
245 1 0 |a Špecifiká existencie „gaziel“ v službách  |b diplomová práca  |c Mária Vargaová ; školiteľ: Viera Kubičková 
264 1 |a Bratislava  |c 2012 
300 |a 100 s. 
100 1 |a Vargaová, Mária 
700 1 |a Kubičková, Viera, 1970- 
710 2 |a Obchodná fakulta EU. Katedra služieb a cestovného ruchu - zrušené